Текст томруулах:    
Making Mongol history (Бичлэгийн дугаар. 144373)
000 -УДИРДЛАГА
Удирдлага 01760nam a2200337 4500
003 - ХЯНАЛТЫН ТОО ТОДОРХОЙЛОГЧ
Код MN-UlNUM
005 - БИЧИЛТ ХИЙСЭН ОГНОО
Тухайн бичилтийг бичсэн засварласан сүүлийн огноо 20251021141906.0
008 - ЕРӨНХИЙ МЭДЭЭЛЭЛ
Ерөнхий мэдээлэл 251017s2019 stk||||| |||| 00| | eng d
020 ## - ISBN
ISBN 9781474421423
040 ## - БИЧЛЭГ ҮҮСГЭГЧ БАЙГУУЛЛАГА
Бичлэг үүсгэгч номын сангийн код МУИС-ийн номын сан
084 ## - ББК АНГИЛАЛ
Нэмэлт тусгалт Нэг сэдэвт бүтээл
Мэдлэгийн ялгаа 63 - Түүх
ББК ангилал 63.3(1)
Зохиогчийн гурван тэмдэгт K 18
100 1# - ЗОХИОГЧ
Зохиогчийн нэр Kamola, Stefan T
245 10 - ҮНДСЭН ГАРЧИГ
Номын нэр Making Mongol history
Бага гарчгийн мэдээ Rashid al-Din and the Jami' al-Tawarikh
260 ## - ГАРАЛТЫН МЭДЭЭ
Хэвлэгдсэн газар Edinburgh
Хэвлэлийн газар Edinburgh University Press
Хэвлэгдсэн он 2019
300 ## - МАТЕРИАЛЫН ТОДОРХОЙЛОЛТ
хуудасны тоо 310
500 ## - Тайлбар
Дансны дугаар ГФ 20912
505 ## - Агуулгын тэмдэглэгээ
Агуулгын тэмдэглэгээ This book examines the life and work of Rashid al-Din Tabib (d. 1318), the most powerful statesman working for the Mongol Ilkhans in the Middle East. It begins with an overview of administrative history and historiography in the early Ilkhanate, culminating with Rashid al-Din’s Blessed History of Ghazan, the indispensable source for Mongol and Ilkhanid history. Later chapters lay out the results of the most comprehensive study to date of the manuscripts of Rashid al-Din’s historical writing. The complicated relationship between Rashid al-Din’s historical and theological writings is also explored, as well as his appropriation of the work of his contemporary historian, `Abd Allah Qashani.
546 ## - ХЭЛНИЙ ТУХАЙ МЭДЭЭ
Хэл Англи хэл дээр,
653 ## - Түлхүүр үг
Түлхүүр үг history
653 ## - Түлхүүр үг
Түлхүүр үг history of Mongolia
653 ## - Түлхүүр үг
Түлхүүр үг Ilkhanid history
740 ## - НОМЫН ГАРЧИГ
Гарчиг Mongols in a Muslim World, 1218-1280
740 ## - НОМЫН ГАРЧИГ
Гарчиг The Likely Course of an Unlikely Life, 1248-1302
740 ## - НОМЫН ГАРЧИГ
Гарчиг Mongol Dynastic History, 1302-1304
740 ## - НОМЫН ГАРЧИГ
Гарчиг New Projects of Faith and Power, 1304-1312
740 ## - НОМЫН ГАРЧИГ
Гарчиг Remaking Mongol History, 1307-1313
740 ## - НОМЫН ГАРЧИГ
Гарчиг Creating the Image of Rashid al-Din, 1312-1335
740 ## - НОМЫН ГАРЧИГ
Гарчиг Epilogue: Rashid al-Din at the Court of Shahrokh
942 ## - ЭЛЕМЕНТИЙН ТӨРӨЛ
Зүйлийн төрөл Ном